[Event "GRE-ch Schools Gymnasia-C 30th"]
[Site "Peristeri"]
[Date "2018.04.01"]
[Round "6"]
[White "Kofkelis, Eleftherios"]
[Black "Loutragotis, Paraskevas Pantelei"]
[Result "1-0"]
[WhiteElo "1556"]
[BlackElo "1870"]
[PlyCount "63"]
[EventDate "2018.04.01"]
[EventType "swiss (rapid)"]
[EventRounds "9"]
[EventCountry "GRE"]
[SourceTitle "EXT 2019"]
[Source "ChessBase"]
[SourceDate "2018.10.10"]
[SourceVersion "1"]
[SourceVersionDate "2018.10.10"]
[SourceQuality "1"]

1. d4 Nf6 2. c4 g6 3. Nc3 Bg7 4. e3 d6 5. Nf3 0-0 6. Be2 c5 7. 0-0 Nc6 8. b3 a6 9. Bb2 Rb8 10. Qc2 Bf5 11. Qd2 Ne4 12. Nxe4 Bxe4 13. Rad1 b6 14. dxc5 bxc5 15. Bxg7 Kxg7 16. Qc3+ Kg8 17. Ng5 Bf5 18. e4 Be6 19. Qg3 Kg7 20. f4 Bd7 21. f5 f6 22. Nxh7 Ne5 23. Nxf8 Qxf8 24. fxg6 Qh8 25. Rf4 Qh6 26. Qf2 Nxg6 27. Rf3 Rh8 28. h3 Bc6 29. Rf1 Ne5 30. Rg3+ Kf7 31. Bf3 Qf4 32. Bh5+ 1-0